Les dernières causeries de H. Rochefort annotées, commentées et réfutées / (Record no. 22961)
[ view plain ]
| 000 -LEADER | |
|---|---|
| fixed length control field | 00677cam a22002051a 4500 |
| 001 - CONTROL NUMBER | |
| control field | f 01002948 |
| 003 - CONTROL NUMBER IDENTIFIER | |
| control field | DLC |
| 005 - DATE AND TIME OF LATEST TRANSACTION | |
| control field | 20260227111245.0 |
| 008 - FIXED-LENGTH DATA ELEMENTS--GENERAL INFORMATION | |
| fixed length control field | 820323s1871 be 000 0dfre |
| 010 ## - LIBRARY OF CONGRESS CONTROL NUMBER | |
| LC control number | f 01002948 |
| 040 ## - CATALOGING SOURCE | |
| Original cataloging agency | DLC |
| Transcribing agency | DLC |
| Modifying agency | DLC |
| 043 ## - GEOGRAPHIC AREA CODE | |
| Geographic area code | e-fr--- |
| 050 00 - LIBRARY OF CONGRESS CALL NUMBER | |
| Classification number | DC342.8.R7 |
| Item number | A3 |
| 100 1# - MAIN ENTRY--PERSONAL NAME | |
| Personal name | Fonvielle, W. de |
| Fuller form of name | (Wilfrid), |
| Dates associated with a name | 1824-1914. |
| 245 14 - TITLE STATEMENT | |
| Title | Les dernières causeries de H. Rochefort annotées, commentées et réfutées / |
| Statement of responsibility, etc. | par W. de Fonvielle. |
| 260 ## - PUBLICATION, DISTRIBUTION, ETC. | |
| Place of publication, distribution, etc. | Bruxelles : |
| Name of publisher, distributor, etc. | "Petit journal", |
| Date of publication, distribution, etc. | 1871. |
| 300 ## - PHYSICAL DESCRIPTION | |
| Extent | 2 prelim. leaves, [3]-170 p. ; |
| Dimensions | 22 cm. |
| 600 10 - SUBJECT ADDED ENTRY--PERSONAL NAME | |
| Personal name | Rochefort, Henri, |
| Dates associated with a name | 1831-1913. |
| 651 #0 - SUBJECT ADDED ENTRY--GEOGRAPHIC NAME | |
| Geographic name | Paris (France) |
| General subdivision | History |
| Chronological subdivision | Commune, 1871. |
No items available.